Primates in fragment: (Registro nro. 5457)
[ vista simple ]
| 000 -CABECERA | |
|---|---|
| Campo de control | 00712nam a2200229 a 4500 |
| 005 - FECHA Y HORA DE LA ULTIMA TRANSACCION | |
| Campo de control | 20180803165255.0 |
| 008 - ELEMENTOS DE LONGITUD FIJA—INFORMACION GENERAL | |
| Campo de control | 160108t2003 nyuab fr|||| 001 0 eng d |
| 020 ## - ISBN | |
| ISBN | 0306476967 |
| 040 ## - FUENTE DE CATALOGACIÓN | |
| Agencia catalogadora original | CO-BoIAVH |
| Agencia transcriptora | CO-BoIAVH |
| 041 0# - IDIOMA | |
| Código de idioma para texto/pista de sonido o título separado | Inglés |
| 044 ## - PAÍS DE PUBLICACIÓN | |
| País de publicación | Estados Unidos |
| 082 04 - NUMERO DE CLASIFICACION DECIMAL DEWEY | |
| Número de clasificación | 569.8 |
| Número del ítem | M36p |
| 100 1# - ASIENTO PRINCIPAL--NOMBRE PERSONAL | |
| Nombre personal | Marsh, Laura K. |
| 9 (RLIN) | 48592 |
| 245 1# - MENCION DE TITULO | |
| Título | Primates in fragment: |
| Parte restante del título | ecology in conservation / |
| Mención de responsabilidad | Edit by Laura K. Marsh |
| 260 ## - PUBLICACION, DISTRIBUCION, ETC. (PIE DE IMPRENTA) | |
| Lugar de publicación, distribución, etc. | New York : |
| Nombre del editor, distribuidor, etc. | Kluwer Academic / Plenum Publishers , |
| Fecha de publicación, distribución, etc. | c2003. |
| 300 ## - DESCRIPCION FISICA | |
| Extensión | 404 páginas : |
| Otros detalles físicos | Ilustraciones, mapas ; |
| Dimensiones | 26 x 17 cm. |
| 650 #4 - ASIENTO SECUNDARIO DE MATERIA - TERMINO TEMATICO | |
| Término temático o nombre geográfico como elemento de entrada | Primates |
| 9 (RLIN) | 48593 |
| 650 #6 - ASIENTO SECUNDARIO DE MATERIA - TERMINO TEMATICO | |
| Término temático o nombre geográfico como elemento de entrada | Ecología |
| 9 (RLIN) | 92250 |
| 650 #6 - ASIENTO SECUNDARIO DE MATERIA - TERMINO TEMATICO | |
| Término temático o nombre geográfico como elemento de entrada | Conservación |
| 9 (RLIN) | 48595 |
| 650 #6 - ASIENTO SECUNDARIO DE MATERIA - TERMINO TEMATICO | |
| Término temático o nombre geográfico como elemento de entrada | Monos |
| Subdivisión general | Investigaciones |
| 9 (RLIN) | 48596 |
| 942 ## - ELEMENTOS ADICIONALES (KOHA) | |
| Tipo de ítem | Libro |
| Sistema de clasificación | Dewey Decimal Classification |
| Withdrawn status | Lost status | Sistema de Clasificación | Damaged status | No para préstamo | Colección | Inventariado | Ubicación Permanente | Ubicación actual | Fecha de adquisición | Fuente de Valor | Valor | Total Checkouts | Número topográfico | Inventario / Código de Barras | Date last seen | Ejemplar | Price effective from | Forma de adquisición | Tipo de material |
|---|---|---|---|---|---|---|---|---|---|---|---|---|---|---|---|---|---|---|---|
| Dewey Decimal Classification | General | Inventariado 2017 | Bogotá | Bogotá | 28/02/2007 | Instituto | 39000.00 | LB-569.8 M36p | 023959 | 04/12/2012 | Ej.1 | 04/12/2012 | Compra | Libro |